|
|
|
|
| LEADER |
00000nab a2200000 a 4500 |
| 001 |
vtls000615799 |
| 003 |
SK-MaSNL |
| 005 |
20260303013836.0 |
| 008 |
160401c1997 xo 0 slo |
| 015 |
|
|
|a SNBRB19rr/mm-uuuuu
|
| 035 |
|
|
|a CL0615938
|
| 040 |
|
|
|a SNKBUCL
|b slo
|c SNKBUCL
|e AACR2
|
| 041 |
0 |
|
|a slo
|
| 044 |
|
|
|a xo
|c SK
|
| 080 |
|
|
|a 631.115.6(437.6)
|2 1981
|
| 100 |
1 |
|
|a Uhliar, Ján
|4 aut
|9 930123
|
| 245 |
1 |
0 |
|a Záleží im na tom, aby obstáli v tvrdej konkurencii
|b Družstevníci z PD Čingov v Smižanoch sa nemusia červenať ani pred západoeurópskymi farmármi
|c Ján Uhliar, Milan Maloch
|
| 650 |
0 |
7 |
|a Poľnohospodárske družstvo Čingov (Smižany, Slovensko)
|2 snkbucl
|9 994973
|
| 651 |
|
7 |
|a 5409
|2 snkbucl
|9 284640
|
| 655 |
|
7 |
|a články z novín a časopisov
|2 snkbucl
|9 267496
|
| 700 |
1 |
|
|a Maloch, Milan
|4 aut
|9 481739
|
| 773 |
0 |
|
|t Roľnícke noviny
|g Č. 44 (22. 2. 1997), s. 3
|
| 850 |
|
|
|a Slovenská národná knižnica v Martine
|a MTA001
|
| 852 |
|
|
|a SNK
|b KIS3GCP
|
| 958 |
|
|
|a SK
|
| 958 |
|
|
|a NX
|
| 958 |
|
|
|a RK
|
| 958 |
|
|
|a RBX
|
| 999 |
|
|
|c 1604698
|d 1606628
|